| 000 | 01411cam a2200409 a 4500 | ||
|---|---|---|---|
| 001 | 22491 | ||
| 003 | SK-KTurca | ||
| 005 | 20260330142914.0 | ||
| 008 | 240702s1997 xo jr 000 f slo | ||
| 015 | _aSNBA1997/0701814 | ||
| 020 |
_a8071183849 _q(brož.) |
||
| 035 | _aSNK000233553 | ||
| 035 | _aurn:nbn:sk:snk-amjc00 | ||
| 035 | _aurn:nbn:sk:snk-am003pdq | ||
| 035 | _a1B9E9C8D-7AAA-457E-81CB-25AD1D38638B | ||
| 040 |
_aSNK _bslo _cSNK _eAACR2 |
||
| 041 | 1 |
_aslo _hger |
|
| 044 |
_axo _cSK |
||
| 072 | 7 |
_a821-93 _xLiteratúra pre deti a mládež (beletria) _2konspekt |
|
| 072 | 7 |
_a821.112.2-3 _xNemecká próza, nemecky písaná _2konspekt |
|
| 080 |
_a830-3 _21981 |
||
| 080 |
_a821.112.2-31 _22011 |
||
| 080 |
_a82-93-053.4/.5 _22011 |
||
| 100 | 1 |
_aBeckmann, Lena, _d1963- _4aut |
|
| 240 | 1 | 0 |
_aI love you, Paddy! _lSlovensky |
| 245 | 1 | 0 |
_aĽúbim ťa, Paddy! _bromán pre fanúšikov Kelly family _cLena Beckmannová ; [z nemeckého originálu ... preložila Jana Seichertová] |
| 260 |
_aBratislava _bIkar _c1997 |
||
| 300 |
_a124 s. _c19 cm |
||
| 500 | _aÚdaj o prekl. prevzatý z rubu tit. strany | ||
| 655 | 7 |
_anemecké romány _2SNKPH |
|
| 655 | 7 |
_aliteratúra pre deti a mládež _2SNKPH |
|
| 655 | 7 |
_aspoločenské romány _2SNKPH |
|
| 911 |
_aKN 1997/07 _b01814 |
||
| 942 |
_2ddc _cKLDO _n0 |
||
| 999 |
_c22491 _d22491 |
||